000 01591nam0a2200325 i 4500
001 RU\NLR\BIBL_A\010530528
005 20240921125137.0
010 _a9785893146400
_9500
021 _aRU
_b2014-67404
_94125
035 _a(NILC)RuMoRGB-007549886
035 _a(NLR Aleph) 010530528
090 _a10255101
_c10255101
100 _a20141114d2014 km y0rusy50 ca
101 0 _arus
102 _aRU
105 _ay|||z|||000zy
200 1 _aПечать в борьбе за общественное мнение в России в 1900-1930-х годах: традиции и особенности исторической эволюции
_e(на примере центральных и региональных газет)
_fТолчинская Татьяна Ильинична
_gФедеральное гос. авт. образовательное учреждение высш. проф. образования "Северо-Кавказский федеральный у-т", Фил. в г. Пятигорске
210 _aПятигорск
_cРИА-КМВ
_d2014
215 _a151 с.
_d21
320 _aБиблиогр. в примеч.: с. 126-151
606 1 _aОбщественное мнение
_yРоссия
_z1900 - 1930
_92239238
_3RU\NLR\AUTH\6601575288
686 1 _aТ3(2)7-72
686 1 _aТ3(2)52-72
700 1 _aТолчинская
_bТ. И.
_gТатьяна Ильинична
801 0 _aRU
_bРГБ
_c20140910
_gRCR
801 1 _aRU
_bРГБ
_c20140910
_2rusmarc
942 _cBOOK
980 _aNBR